000
00271nam a2200109Ia 4500
008
230222s9999 xx 000 0 und d
100
_a
Perunna P R
245
0
_a
Churukkam Chilar (Malayalam)
250
_a
1
260
_b
Chintha Publishers ,Trivandrom
_c
1984
942
_c
BK
999
_c
32365
_d
32365